Androcles and the lion; Overruled; Pygmalion /

Bibliographic Details
Main Author: Shaw, Bernard, 1856-1950
Format: Book
Language:English
Published: New York : Brentano's, 1916.

MARC

Tag First Indicator Second Indicator Subfields
LEADER 00000cam a2200000 4500
001 in00000036012
005 20151007063607.0
008 740827s1916 nyu 00010 eng u
010 |a  16009158  
035 |a (OCoLC)00990748 
035 |9 AAD7765AM 
040 |c HEI  |d TXA  |d UtOrBLW 
049 |a TXAM  |c 1 [6039]  |c 2 [138754] 
050 0 0 |a PR5363  |b .A15 1916 
092 |a 822  |b S534an 
100 1 |a Shaw, Bernard,  |d 1856-1950. 
245 1 0 |a Androcles and the lion; Overruled; Pygmalion /  |c by Bernard Shaw. 
264 1 |a New York :  |b Brentano's,  |c 1916. 
300 |a cxxvii, 224 pages ;  |c 20 cm. 
336 |a text  |b txt  |2 rdacontent 
337 |a unmediated  |b n  |2 rdamedia 
338 |a volume  |b nc  |2 rdacarrier 
740 0 |a Overruled. 
740 0 |a Pygmalion. 
999 |a MARS 
999 f f |s 95916423-bd44-3040-876a-a48ccb8322aa  |i 9676d63f-714e-31bd-bff2-40fe08eba1f0  |t 0 
952 f f |p normal  |a Texas A&M University  |b College Station  |c Sterling C. Evans Library  |s Evans stk  |d Evans: Library Stacks  |t 0  |e PR5363 .A15 1916  |h Library of Congress classification  |i unmediated -- volume  |m A14801299887 
998 f f |a PR5363 .A15 1916  |t 0  |l Evans: Library Stacks